| 000 | 00828nam a2200229Ia 4500 | ||
|---|---|---|---|
| 008 | 191130s1991##################000#0#eng## | ||
| 020 | _a312066678 | ||
| 022 | _a91016172 | ||
| 040 |
_aACL _cACL |
||
| 082 | _a330.150 ODO | ||
| 245 |
_aKeynes as philosopher-economist : the ninth Keynes seminar held at the University Of Kent at Canterbury, 1989 _cedited by R.M. O'Donnell |
||
| 260 |
_aNew York _bSt. Martin's Press _c1991 |
||
| 300 | _ax, 255 p. ; 23 cm | ||
| 500 | _aIncludes bibliographical references and index | ||
| 650 | _aKeynes, John Maynard, 1883-1946 - Congresses | ||
| 650 | _aKeynesian economics - Congresses | ||
| 700 | _aO'Donnell, R. M | ||
| 710 | _aKeynes Seminar (9th : 1989 : University of Kent at Canterbury) | ||
| 990 | _afc5e3ed0ac10000c627ccee7878348b4 | ||
| 991 | _a41876 | ||
| 999 |
_c226006 _d226006 |
||